Návrh splaškovej kanalizácie vo vybranej v obci
Uložené v:
| Hlavný autor: | |
|---|---|
| Ďalší autori: | |
| Médium: | Rukopis Kniha |
| Jazyk: | Slovak |
| Vydavateľské údaje: |
Bratislava :
STU v Bratislave SvF,
2012
|
| Predmet: | |
| On-line prístup: | VAIS |
| Tagy: |
Žiadne tagy, Buďte prvý, kto otaguje tento záznam!
|
MARC
| LEADER | 00000ntm a22000003a 4500 | ||
|---|---|---|---|
| 001 | stu252358 | ||
| 005 | 20150617230229.2 | ||
| 008 | 120721s2012----xo------------------slo-d | ||
| 040 | |a STU |b slo | ||
| 041 | 0 | |a slo | |
| 044 | |a xo | ||
| 100 | 1 | |a Reissműller, Roman, |d 1988- |4 aut |u V |T SvF Stavebná fakulta |X 51139 |U V |Y 10 |7 A000051139 | |
| 242 | 0 | 0 | |a sewer network |y eng |
| 245 | 1 | |a Návrh splaškovej kanalizácie vo vybranej v obci | |
| 260 | |a Bratislava : |b STU v Bratislave SvF, |c 2012 | ||
| 650 | 7 | |a vodné stavby a vodné hospodárstvo |2 stusub | |
| 650 | 7 | |a Hydraulic Engineering and Water Resources Management |2 estusub | |
| 650 | 7 | |a recipient |2 stusub | |
| 650 | 7 | |a kanalizácia |2 stusub | |
| 700 | 1 | |a Stanko, Štefan, |d 1964- |4 ths |u V280 |U SvF Stavebná fakulta |T SvF Katedra zdravotného inžinierstva |X 2740 |U V280 |Y 29 |7 A000002740 | |
| 856 | 4 | |a info a plný text |u http://is.stuba.sk/zp/portal_zp.pl?podrobnosti=68019 |3 VAIS | |